000 00618cam a2200205 4500500
005 20260329003736.0
041 _afre
042 _adc
100 1 0 _aNathan, Tobie
_eauthor
700 1 0 _aNathan, Tobie
_eauthor
245 0 0 _aDistrict de Bastar (État de Chhattisgarh, Inde). Ghotul
260 _c2016.
500 _a18
690 _aInde
690 _aMusique
690 _aSexe
690 _aTobie Nathan
786 0 _nPhilosophie magazine | 104 | 11 | 2016-11-01 | p. 42-42 | 1951-1787
856 4 1 _uhttps://shs.cairn.info/magazine-philosophie-magazine-2016-11-page-42?lang=fr&redirect-ssocas=7080
999 _c1827254
_d1827254